Countries With Longest Total Length of Railway - Statistics

General Stats
  • This quiz has been taken 75 times
  • The average score is 18 of 20
Answer Stats
km Country % Correct
146,300 China
100%
85,600 Russia
100%
29,273 France
99%
40,625 Germany
99%
149,407 United States
97%
29,817 Brazil
96%
64,000 Canada
96%
99,235 India
96%
23,389 Mexico
96%
16,320 United Kingdom
96%
36,966 Argentina
94%
16,788 Italy
94%
16,355 Spain
94%
27,311 Japan
90%
33,168 Australia
88%
20,952 Ukraine
86%
19,209 Poland
81%
22,387 South Africa
74%
16,998 Iran
65%
15,530 Kazakhstan
64%
No matching quizzes found
Score Distribution
Percent of People with Each Score
Percentile by Number Answered
Your Score History
You have not taken this quiz